000 00507nam a22001817a 4500
003 SEACOMMC
005 20231109092114.0
008 231109b |||||||| |||| 00| 0 eng d
020 _cRs. 75.00
040 _aSEACOMMC
082 _a621.38152
_bEDW
100 1 _aEdwards-Shea, Linda
245 1 4 _aThe essence of solid-state electronics
_cLinda Edwards-Shea
250 _a3rd ed
260 _aNew Delhi
_bPrentice-Hall
_c1997
650 _aEngineering
_vElectronics, communications engineering
942 _cBOOK
999 _c333
_d333